Divergente / (Registro nro. 29209)

Detalles MARC
000 -CABECERA
campo de control de longitud fija 01109nam a2200313 4500
008 - CÓDIGOS DE INFORMACIÓN DE LONGITUD FIJA
fixed length control field 220505m20112014sp ||||jr|||| 00| 0dspa d
020 ## - NÚMERO INTERNACIONAL NORMALIZADO PARA LIBROS
ISBN 9788427201187 (Volumen 1)
020 ## - NÚMERO INTERNACIONAL NORMALIZADO PARA LIBROS
ISBN 9788427203181 (Volumen 2)
020 ## - NÚMERO INTERNACIONAL NORMALIZADO PARA LIBROS
ISBN 9788427206861 (Volumen 3)
020 ## - NÚMERO INTERNACIONAL NORMALIZADO PARA LIBROS
ISBN 9788427208063 (Volumen 4)
040 ## - Fuente de catalogación
Agencia original de catalogación CO-JMCR
Agencia de modificación CO-JMCR
041 1# - CÓDIGO DE LENGUA
Código idioma spa
Language code of original eng
082 04 - NÚMERO DE LA CLASIFICACIÓN DECIMAL DEWEY
Número de clasificación Decimal J-N
Número de documento (Cutter) ROTd
100 1# - PUNTO DE ACCESO PRINCIPAL-NOMBRE DE PERSONA
Nombre personal Roth, Veronica,
Fechas asociadas al nombre autora
9 (RLIN) 42043
245 10 - TÍTULO PROPIAMENTE DICHO
Título Divergente /
Parte restante del título Veronica Roth ; traducción de Pilar Ramírez Tello
260 ## - PUBLICACIÓN, DISTRIBUCIÓN, ETC. (PIE DE IMPRENTA)
Lugar de publicación, distribución, etc. Barcelona :
Nombre del editor, distribuidor, etc. RBA,
Fecha de publicación, distribución, etc. 2011-2014
300 ## - DESCRIPCIÓN FÍSICA
Extensión 4 volúmenes ;
Dimensiones 21 cm.
500 ## - NOTA GENERAL
Nota general Incluye datos biográficos de la autora en la tapa posterior.
505 0# - NOTA DE CONTENIDO FORMATADO
Miscellaneous information v.1.
Title Divergente. --
Miscellaneous information v.2.
Title Insulgente. --
Miscellaneous information v.3.
Title Leal. --
Miscellaneous information v.4.
Title Cuatro. --
546 ## - LANGUAGE NOTE
Language note traducido del inglés
Information code or alphabet eng
650 14 - TÉRMINO DE MATERIA
9 (RLIN) 42045
650 14 - TÉRMINO DE MATERIA
9 (RLIN) 42044
650 24 - TÉRMINO DE MATERIA
9 (RLIN) 42046
650 24 - TÉRMINO DE MATERIA
9 (RLIN) 42316
650 24 - TÉRMINO DE MATERIA
9 (RLIN) 42402
700 1# - AUTOR SECUNDARIO - PERSONA
Nombre de persona Ramírez Tello, Pilar,
9 (RLIN) 42047
Existencias
Withdrawn status Lost status Source of classification or shelving scheme Damaged status Not for loan Home library Current library Shelving location Date acquired Source of acquisition Total Checkouts Full call number Barcode Date last seen Date last checked out Copy number Price effective from Koha item type Collection code Total Renewals
    Dewey Decimal Classification     Biblioteca Pública José María del Castillo y Rada Biblioteca Pública José María del Castillo y Rada Fiction 04/19/2022 Donación 6 J-N ROTd 201811807 11/22/2024 11/19/2024 v.3 Ej.1 05/05/2022 Books    
    Dewey Decimal Classification     Biblioteca Pública José María del Castillo y Rada Biblioteca Pública José María del Castillo y Rada Fiction 04/19/2022 Donación 12 J-N ROTd 201811805 04/28/2026 04/28/2026 v.1 Ej.1 05/05/2022 Books Fiction 3
    Dewey Decimal Classification     Biblioteca Pública José María del Castillo y Rada Biblioteca Pública José María del Castillo y Rada Fiction 04/19/2022 Donación 5 J-N ROTd 201811802 04/28/2026 04/28/2026 v.2 Ej.1 05/05/2022 Books    
    Dewey Decimal Classification     Biblioteca Pública José María del Castillo y Rada Biblioteca Pública José María del Castillo y Rada Fiction 04/19/2022 Donación 4 J-N ROTd 201811800 06/20/2024 06/20/2024 v.4 Ej.1 05/05/2022 Books